| 000 | 00848nam a2200265 i 4500 | ||
|---|---|---|---|
| 001 | 183349 | ||
| 003 | ES-MaACL | ||
| 005 | 20231219062542.0 | ||
| 008 | 140327s2012 sp | |||||||| | spa d | ||
| 020 | _a978-84-9992-119-8 | ||
| 080 | _a316.644:94 | ||
| 100 | 1 |
_aRieff, David. _9154632 |
|
| 245 | 1 | 0 |
_aContra la memoria / _cDavid Rieff ; traducción de Aurelio Major. |
| 250 | _a1ª ed. | ||
| 260 |
_a[Barcelona] : _bDebate, _c2012. |
||
| 300 |
_a116 p. ; _c24 cm. |
||
| 490 | 1 | _a[Debate ensayo] | |
| 650 | 4 |
_aMemoria colectiva. _9154633 |
|
| 700 | 1 |
_aMajor, Aurelio. _9154634 |
|
| 830 | 0 |
_a[Debate ensayo] _9182935 |
|
| 852 |
_aES-MaACL _jA-13087 _9190288 _bR.149944 _cDEPO1 _dOlim: N-6087 _hDonación: José Luis Abellán |
||
| 903 |
_aAbellán, José Luis, _d1933-2023 _ednr _9176509 |
||
| 942 |
_2udc _cMONOGRAFIA |
||
| 999 |
_c183349 _d183349 |
||